000 00499cam a2200193 4500
001 D4128
008 090401t1962 xxu||||| |||| 00| 0 eng d
035 _a(Sirsi) u76632
041 _aeng
050 _a698.1
100 _aGower, Charles H
245 _aPlastic paint its uses and application
260 _aLondon
_bE & F N Spon
_c1962
300 _axv. 126p. 4p of plates. ill. 19cm
350 _a0
490 _aSpons architectural and Building Series
942 _n0
948 _c04/03/1997
999 _c96218
_d96218